[Event "Krasnodar-ch"]
[Site "Krasnodar"]
[Date "2006.07.29"]
[Round "3"]
[White "Shovunov, Baatr"]
[Black "Njudleev, D."]
[Result "1-0"]
[WhiteElo "2362"]
[BlackElo "2230"]
[PlyCount "95"]
[EventDate "2006.07.28"]
[EventType "tourn"]
[EventRounds "11"]
[EventCountry "RUS"]
[SourceTitle "EXT 2008"]
[Source "ChessBase"]
[SourceDate "2007.11.25"]
[SourceVersion "1"]
[SourceVersionDate "2007.11.25"]
[SourceQuality "1"]

1. e4 c5 2. b3 d6 3. Bb2 e5 4. f4 Nc6 5. Nf3 exf4 6. Bb5 Bd7 7. 0-0 Nf6 8. h3 Be7 9. d3 0-0 10. c4 Nb8 11. Bxd7 Nfxd7 12. Qd2 Bf6 13. Bxf6 Qxf6 14. Nc3 Ne5 15. Nh2 Ng6 16. Nd5 Qd8 17. Nxf4 Nxf4 18. Rxf4 Nc6 19. Raf1 Ne5 20. Ng4 Nxg4 21. Rxg4 f6 22. Rf5 g5 23. Rg3 Kg7 24. Qe2 Kg6 25. h4 h6 26. Qg4 Qe7 27. Rh3 Rh8 28. Rhf3 Rhf8 29. Rd5 Rad8 30. Qf5+ Kg7 31. Rh3 Rh8 32. a3 a5 33. Qf3 b6 34. Qg3 Qe6 35. Rf5 Qe7 36. Qh2 Qe6 37. Rhf3 Rdf8 38. Qg3 Qe7 39. Qf2 Qe6 40. b4 axb4 41. axb4 Qe7 42. Qb2 Qe6 43. hxg5 hxg5 44. Rxg5+ Kf7 45. bxc5 bxc5 46. Qb7+ Ke8 47. Rg7 Kd8 48. Qc7+ 1-0